History Quiz

Random History or Clickable Quiz

Titanic Survivors Quiz Stats

 Plays Quiz Updated Apr 15, 2012

Challenge
Share
Tweet
Embed
Score 0/9 Timer 02:00
0 Plays Today
% Correct
Margaret 'Molly' Brown
82.9%
Mrs. Madeleine Astor
72.6%
Lady Duff Gordon
68.7%
Bruce Ismay (owner's rep.)
55.9%
Charles Lightoller (2nd officer)
46.6%
Frederick Fleet (lookout)
44.8%
Harold Bride (wireless officer)
43.2%
Sir Cosmo Duff Gordon
42.7%
Robert Hichens (Quartermaster)
38.8%

You're not logged in!

Compare scores with friends on all Sporcle quizzes.
OR
Log In

You Might Also Like...

Show Comments

Extras

Top Quizzes Today


Score Distribution

Your Account Isn't Verified!

In order to create a playlist on Sporcle, you need to verify the email address you used during registration. Go to your Sporcle Settings to finish the process.

Report this User

Report this user for behavior that violates our Community Guidelines.

Details: